Statistics for Guess the Country by Famous Landmarks Part 2

Click here to take the quiz!

General Stats

  • This quiz has been taken 22 times
  • The average score is 13 of 16

Answer Stats

Answer% Correct
Greece
100%
Mexico
100%
United Kingdom
100%
Nepal
95%
Peru
95%
Spain
95%
Cambodia
90%
Malaysia
90%
United Arab Emirates
85%
Saudi Arabia
75%
Israel
70%
Singapore
70%
Venezuela
70%
Belgium
65%
Kazakhstan
40%
North Korea
15%

Score Distribution

Percentile by Number Answered

Percent of People with Each Score

Your Score History

You have not taken this quiz